Digestibilidade aparente dos fenos de rami (Boehmeria nivea, G.), guandu (Cajanus cajan, L.), soja perene (Glycine wightii, V.)e da palha de feijao (Phaseolus vulgaris, L.)em coelhos na fase de crescimento (Registro n. 157046)
[ somente texto ]
| 000 -LÍDER | |
|---|---|
| campo de controle de tamanho fixo | 01158nas a2200361 4500 |
| 001 - NÚMERO DE CONTROLE | |
| campo de controle | BR9705277 |
| 003 - IDENTIFICADOR DO NÚMERO DE CONTROLE | |
| campo de controle | BR-BrBNA |
| 005 - DATA E HORÁRIO DA ÚLTIMA TRANSAÇÃO | |
| campo de controle | 20231205100623.0 |
| 007 - CAMPO FIXO DE DESCRIÇÃO FÍSICA--INFORMAÇÃO GERAL | |
| campo de controle de tamanho fixo | ta |
| 008 - CAMPO DE DADOS FIXOS--INFORMAÇÃO GERAL | |
| campo de controle de tamanho fixo | 230509b bl.|||p| |||| 00| 00por d |
| 040 ## - FONTE DA CATALOGAÇÃO | |
| Instituição da catalogação original | BR-BrBNA |
| Idioma da catalogação | por |
| Instituição que transcreveu o registro | Biblioteca Nacional de Agricultura |
| 041 ## - CÓDIGO DE IDIOMA | |
| Código do idioma do texto/trilha sonora ou título diferente | (Pt) |
| 072 ## - CÓDIGO DE CATEGORIA DE ASSUNTO | |
| Código de Categoria de Assunto | L51; Q54 |
| 100 1# - ENTRADA PRINCIPAL--NOME PESSOAL | |
| Nome pessoal | Ferreira, W.M. |
| 100 1# - ENTRADA PRINCIPAL--NOME PESSOAL | |
| Nome pessoal | Sartori, A.L. |
| 100 1# - ENTRADA PRINCIPAL--NOME PESSOAL | |
| Nome pessoal | Santiago, G.S. |
| 100 1# - ENTRADA PRINCIPAL--NOME PESSOAL | |
| Nome pessoal | Veloso, J.A.F. |
| 245 1# - TÍTULO | |
| Título | Digestibilidade aparente dos fenos de rami (Boehmeria nivea, G.), guandu (Cajanus cajan, L.), soja perene (Glycine wightii, V.)e da palha de feijao (Phaseolus vulgaris, L.)em coelhos na fase de crescimento |
| 650 ## - ASSUNTO--TERMO TÓPICO | |
| Cabeçalho tópico ou nome geográfico | Coelho |
| 650 ## - ASSUNTO--TERMO TÓPICO | |
| Cabeçalho tópico ou nome geográfico | Feno |
| 650 ## - ASSUNTO--TERMO TÓPICO | |
| Cabeçalho tópico ou nome geográfico | Rami |
| 650 ## - ASSUNTO--TERMO TÓPICO | |
| Cabeçalho tópico ou nome geográfico | Guandu |
| 650 ## - ASSUNTO--TERMO TÓPICO | |
| Cabeçalho tópico ou nome geográfico | Soja Perene |
| 650 ## - ASSUNTO--TERMO TÓPICO | |
| Cabeçalho tópico ou nome geográfico | Feijao |
| 650 ## - ASSUNTO--TERMO TÓPICO | |
| Cabeçalho tópico ou nome geográfico | Palha |
| 650 ## - ASSUNTO--TERMO TÓPICO | |
| Cabeçalho tópico ou nome geográfico | Dieta |
| 650 ## - ASSUNTO--TERMO TÓPICO | |
| Cabeçalho tópico ou nome geográfico | Composicao Quimica |
| 650 ## - ASSUNTO--TERMO TÓPICO | |
| Cabeçalho tópico ou nome geográfico | Digestibilidade Aparente |
| 650 ## - ASSUNTO--TERMO TÓPICO | |
| Cabeçalho tópico ou nome geográfico | Valor Nutritivo |
| 773 0# - ENTRADA ANALÍTICA | |
| Título | Arquivo Brasileiro de Medicina Veterinaria e Zootecnia (Brazil) |
| ISSN - International Standard Serial Number | ISSN 0102-0935 |
| Partes relacionadas | (Aug 1997), v. 49(4) p. 465-472 |
| Número de controle do registro | BR9705277 |
| 909 ## - | |
| -- | 202311 |
| -- | Lúcia |
| -- | 55 |
| -- | Lúcia Elande |
| 942 ## - ELEMENTOS DE ENTRADA ADICIONADOS (KOHA) | |
| Fonte da classificação ou esquema de arquivamento na estante | Classificação AGRIS |
| Ocultar no OPAC | Não |
| Tipo de material Koha | Analítica |
| Situação do descarte | Fonte da classificação ou esquema de arquivamento na estante | Situação física | Não pode ser emprestado | Biblioteca de origem | Biblioteca atual | Localização na estante | Enumeração do periódico / cronologia | Total de empréstimos | Data de último acesso | Número do exemplar | Tipo de material Koha | Fonte de aquisição |
|---|---|---|---|---|---|---|---|---|---|---|---|---|
| Classificação AGRIS | Consulta local | Biblioteca Nacional de Agricultura - Binagri | Biblioteca Nacional de Agricultura - Binagri | (Aug 1997), v. 49(4) p. 465-472 | 29/11/2023 | 01 | Periódicos | Portaria Interministerial nº 164/94 |

BINAGRI